000 00633cam a2200229 4500500
005 20260329002626.0
041 _afre
042 _adc
100 1 0 _aLegros, Martin
_eauthor
245 0 0 _aDans la tête d’Hitchcock
260 _c2013.
500 _a95
690 _aCassou-Noguès
690 _aDupuy
690 _aHitchcock
690 _aLaugier
690 _aLeguil
690 _aPeter Szendy
690 _aSuspens
786 0 _nPhilosophie magazine | 67 | 3 | 2013-03-01 | p. 22-23 | 1951-1787
856 4 1 _uhttps://shs.cairn.info/magazine-philosophie-magazine-2013-3-page-22?lang=fr&redirect-ssocas=7080
999 _c1816781
_d1816781